Report of the twenty-fourth session of the committee on fisheries, Rome 26 February-2 March 2001

保存先:
書誌詳細
フォーマット: 図書
言語:Undetermined
出版事項: Rome, Italy FAO 2001
主題:
タグ: タグ追加
タグなし, このレコードへの初めてのタグを付けませんか!
Thư viện lưu trữ: Trung tâm Học liệu Trường Đại học Cần Thơ
LEADER 00443nam a2200145Ia 4500
001 CTU_49779
008 210402s9999 xx 000 0 und d
082 |a 382.4139 
082 |b R425 
245 0 |a Report of the twenty-fourth session of the committee on fisheries, Rome 26 February-2 March 2001 
260 |a Rome, Italy 
260 |b FAO 
260 |c 2001 
650 |a fishery policy 
980 |a Trung tâm Học liệu Trường Đại học Cần Thơ